Marketingový mix a jeho tvorba v podniku služieb bakalárska práca

Enregistré dans:
Détails bibliographiques
Auteur principal: Murčo, Tomáš
Collectivité auteur: Obchodná fakulta EU. Katedra marketingu
Autres auteurs: Kopaničová, Janka, 1979-
Format: Livre
Langue:slovaque
Publié: Bratislava 2015
Tags: Ajouter un tag
Pas de tags, Soyez le premier à ajouter un tag!

MARC

LEADER 00000nbm a2200000 4500
001 0203313
005 20161212110028.4
041 0 |a slo 
044 |a SK 
245 1 0 |a Marketingový mix a jeho tvorba v podniku služieb  |b bakalárska práca  |c Tomáš Murčo ; školiteľ: Janka Kopaničová 
264 1 |a Bratislava  |c 2015 
300 |a 47 s. 
100 1 |a Murčo, Tomáš 
700 1 |a Kopaničová, Janka, 1979- 
710 2 |a Obchodná fakulta EU. Katedra marketingu